<?xml version="1.0" encoding="UTF-8"?>
<record
    xmlns:xsi="http://www.w3.org/2001/XMLSchema-instance"
    xsi:schemaLocation="http://www.loc.gov/MARC21/slim http://www.loc.gov/standards/marcxml/schema/MARC21slim.xsd"
    xmlns="http://www.loc.gov/MARC21/slim">

  <leader>01902nam a2200337Ia 4500</leader>
  <controlfield tag="001">26717</controlfield>
  <controlfield tag="003">DR-UNIBE</controlfield>
  <controlfield tag="005">20260122155858.0</controlfield>
  <controlfield tag="008">201005b2006    dr ||||| |||| 00| 1 spa d</controlfield>
  <datafield tag="020" ind1=" " ind2=" ">
    <subfield code="a">9789945410204</subfield>
  </datafield>
  <datafield tag="040" ind1=" " ind2=" ">
    <subfield code="a">BIBLIOTECA UNIBE</subfield>
    <subfield code="c">BIBLIOTECA UNIBE</subfield>
    <subfield code="b">spa</subfield>
    <subfield code="e">rda</subfield>
  </datafield>
  <datafield tag="041" ind1=" " ind2=" ">
    <subfield code="a">spa</subfield>
  </datafield>
  <datafield tag="082" ind1="0" ind2=" ">
    <subfield code="a">RD 863.5 S718m</subfield>
  </datafield>
  <datafield tag="100" ind1="1" ind2="0">
    <subfield code="a">Soto Jim&#xE9;nez, Jos&#xE9; Miguel, </subfield>
    <subfield code="d">1956-</subfield>
    <subfield code="9">48567</subfield>
    <subfield code="e">autor</subfield>
  </datafield>
  <datafield tag="245" ind1="1" ind2="0">
    <subfield code="a">Memorias de Concho Primo / </subfield>
    <subfield code="c">Jos&#xE9; Miguel Soto Jim&#xE9;nez </subfield>
  </datafield>
  <datafield tag="260" ind1="4" ind2=" ">
    <subfield code="a">Santo Domingo : </subfield>
    <subfield code="b">Fundaci&#xF3;n V Rep&#xFA;blica,</subfield>
    <subfield code="c">2006</subfield>
  </datafield>
  <datafield tag="300" ind1="4" ind2=" ">
    <subfield code="a">746 p&#xE1;ginas : </subfield>
    <subfield code="b">dibujos b/n ;</subfield>
    <subfield code="c">22 x 15 cm</subfield>
  </datafield>
  <datafield tag="500" ind1=" " ind2=" ">
    <subfield code="a"> Informaci&#xF3;n del autor en la solapa, comentario de la obra en la contraportada. Imagen de portada: caricatura de Concho Primo,  original de Bienvenido Gimbernard publicada en 1919, cedida para la obra por su hijo Jacinto Gimbernard</subfield>
  </datafield>
  <datafield tag="505" ind1=" " ind2=" ">
    <subfield code="a">Pr&#xF3;logo |
Los albores |
La primera rep&#xFA;blica, 1844-1861 |
Guerra restauradora, 1863-1865 |
La segunda rep&#xFA;blica, 1865-1916 |
La tercera rep&#xFA;blica  y la era de Trujillo |
Cuarta rep&#xFA;blica
</subfield>
  </datafield>
  <datafield tag="520" ind1="4" ind2=" ">
    <subfield code="a">A lo largo de la obra y a trav&#xE9;s de su personaje principal se conoce la historia dominicana desde la &#xE9;poca del Descubrimiento hasta el a&#xF1;o 2002 cuando muere Joaqu&#xED;n Balaguer</subfield>
  </datafield>
  <datafield tag="650" ind1=" " ind2="7">
    <subfield code="2">lemb</subfield>
    <subfield code="a">Literatura dominicana</subfield>
    <subfield code="9">48568</subfield>
  </datafield>
  <datafield tag="650" ind1=" " ind2="7">
    <subfield code="2">lemb</subfield>
    <subfield code="a">Novela hist&#xF3;rica dominicana</subfield>
    <subfield code="9">1361</subfield>
  </datafield>
  <datafield tag="650" ind1=" " ind2=" ">
    <subfield code="2">lemb</subfield>
    <subfield code="a">Rep&#xFA;blica Dominicana </subfield>
    <subfield code="z">Historia </subfield>
    <subfield code="z">Novela</subfield>
    <subfield code="9">48569</subfield>
  </datafield>
  <datafield tag="700" ind1="1" ind2="0">
    <subfield code="a">Mateo, Andres L., </subfield>
    <subfield code="d">1946-</subfield>
    <subfield code="9">37174</subfield>
    <subfield code="e">prologuista</subfield>
  </datafield>
  <datafield tag="700" ind1="1" ind2="0">
    <subfield code="a">Gimbernard, Bienvenido, </subfield>
    <subfield code="d">1884-1971</subfield>
    <subfield code="9">187330</subfield>
    <subfield code="e">caricatura de portada</subfield>
  </datafield>
  <datafield tag="700" ind1="1" ind2="0">
    <subfield code="a">Hutchinson, Rafael</subfield>
    <subfield code="9">53464</subfield>
    <subfield code="e">fotografias</subfield>
    <subfield code="e">dibujos interiores</subfield>
  </datafield>
  <datafield tag="700" ind1="1" ind2="0">
    <subfield code="a">Ellis, Gerald</subfield>
    <subfield code="9">96608</subfield>
    <subfield code="e">fotografias</subfield>
    <subfield code="e">dibujos interiores</subfield>
  </datafield>
  <datafield tag="710" ind1="1" ind2=" ">
    <subfield code="a">Editorial Letra Gr&#xE1;fica</subfield>
    <subfield code="9">201775</subfield>
    <subfield code="e">cuidado de la edici&#xF3;n</subfield>
    <subfield code="e">diagramador</subfield>
    <subfield code="e">dise&#xF1;o de portada</subfield>
    <subfield code="e">fotos y dibujos interiores</subfield>
  </datafield>
  <datafield tag="942" ind1=" " ind2=" ">
    <subfield code="c">BK</subfield>
    <subfield code="2">ddc</subfield>
  </datafield>
  <datafield tag="951" ind1=" " ind2=" ">
    <subfield code="a">20100103 09:28:04</subfield>
  </datafield>
  <datafield tag="999" ind1=" " ind2=" ">
    <subfield code="c">26717</subfield>
    <subfield code="d">26717</subfield>
  </datafield>
  <datafield tag="952" ind1=" " ind2=" ">
    <subfield code="0">0</subfield>
    <subfield code="1">0</subfield>
    <subfield code="2">ddc</subfield>
    <subfield code="7">0</subfield>
    <subfield code="8">GEN-RD</subfield>
    <subfield code="a">Principal</subfield>
    <subfield code="b">Principal</subfield>
    <subfield code="d">2016-10-21</subfield>
    <subfield code="l">1</subfield>
    <subfield code="o">RD 863.5 S718m</subfield>
    <subfield code="p">100419</subfield>
    <subfield code="r">2025-03-05 16:53:13</subfield>
    <subfield code="s">2025-03-05</subfield>
    <subfield code="t">Ej. 1</subfield>
    <subfield code="w">2016-10-21</subfield>
    <subfield code="y">BK</subfield>
  </datafield>
  <datafield tag="952" ind1=" " ind2=" ">
    <subfield code="0">0</subfield>
    <subfield code="1">0</subfield>
    <subfield code="2">ddc</subfield>
    <subfield code="7">0</subfield>
    <subfield code="8">GEN-RD</subfield>
    <subfield code="a">Principal</subfield>
    <subfield code="b">Principal</subfield>
    <subfield code="d">2025-11-12</subfield>
    <subfield code="l">0</subfield>
    <subfield code="o">RD 863.5 S718m</subfield>
    <subfield code="p">260067</subfield>
    <subfield code="r">2026-01-22 09:56:23</subfield>
    <subfield code="t">Ej. 2</subfield>
    <subfield code="w">2026-01-22</subfield>
    <subfield code="y">BK</subfield>
  </datafield>
</record>
